Ruotsin ja Venäjän rauhansopimukset - Statistics

Yleistilastot
  • Tätä visaa on pelattu 66 kertaa
  • Keskiarvotulos 4 / 8
Vastaustilastot
Vuosi Päätetty sota Rauhansopimus % Oikein
1323 {Pähkinäsaaren} rauha
96%
1809 Suomen sota {Haminan} rauha
70%
1743 Hattujen sota {Turun} rauha
54%
1721 Suuri Pohjan sota {Uudenkaupungin} rauha
54%
1595 Pitkä viha {Täyssinän} rauha
41%
1617 Inkerin sota {Stolbovan} rauha
39%
1790 Kustaa lll:n sota {Värälän} rauha
9%
1661 Pohjan sota {Kardisin} rauha
2%
Ehtoja vastaavia visoja ei löytynyt
Tulosjakauma
Jokaisen tuloksen saaneiden osuus
Persentiili vastausten määrän mukaan
Tuloshistoriasi
Et ole pelannut tätä visaa